[Event "CAN-ch U10"]
[Site "Windsor"]
[Date "2010.07.06"]
[Round "2"]
[White "Bashura, Brian"]
[Black "Xia, Jefferson"]
[Result "1-0"]
[WhiteElo "930"]
[BlackElo "843"]
[PlyCount "97"]
[EventDate "2010.07.06"]
[EventType "swiss"]
[EventRounds "7"]
[EventCountry "CAN"]
[SourceTitle "EXT 2012"]
[Source "ChessBase"]
[SourceDate "2011.11.24"]
[SourceVersion "1"]
[SourceVersionDate "2011.11.24"]
[SourceQuality "1"]

1. e4 e5 2. Nf3 Nc6 3. Bc4 Bc5 4. 0-0 h6 5. Nc3 Nf6 6. d3 d6 7. Nd5 0-0 8. Nxf6+ Qxf6 9. Bd5 Qg6 10. c3 Bh3 11. Nh4 Bg4 12. Nxg6 Bxd1 13. Nxf8 Rxf8 14. Rxd1 Kh8 15. Bxc6 bxc6 16. b4 Bb6 17. a4 a6 18. a5 Ba7 19. Be3 Bxe3 20. fxe3 f6 21. c4 g5 22. b5 cxb5 23. cxb5 axb5 24. a6 Ra8 25. Rdb1 c6 26. d4 Kg7 27. d5 cxd5 28. exd5 f5 29. Rxb5 f4 30. a7 Kf6 31. Rb8 Rxa7 32. Rxa7 Kf5 33. h3 fxe3 34. Rf8+ Ke4 35. Kf1 Kd3 36. Ra3+ Kd2 37. Ra1 e2+ 38. Kf2 e4 39. Rd8 e3+ 40. Kf3 h5 41. g3 g4+ 42. hxg4 hxg4+ 43. Kf4 e1Q 44. Rxe1 Kxe1 45. Kxe3 Kf1 46. Kf4 Kg2 47. Rxd6 Kh3 48. Rh6+ Kg2 49. d6 1-0